Influence of species, cultivar and cut on the microelement content of grass forages

Bibliographic Details
Main Authors: Bates, D. L. (Author), Fisher, L. J. (Author), Von Keyserlingk, M. A. G. (Author), Gralak, M. A. (Author)
Format: Article
Language:English

MARC

LEADER 00000nab a2200000uu 4500
001 vtls010898151
003 SK-MaSNL
005 20260303214205.0
008 230222|2006 xo |||||||||||||||||eng|
015 |a SNBRB 
035 |a (urnnbn)urn:nbn:sk:snk:ar-006o9p 
035 |a (uuid)84502796-4f71-493e-91cf-4f4fe0613d67 
035 |a urn:nbn:sk:snk-ab8qet 
040 |a SNKBUCL  |b slo  |c SNKBUCL  |e AACR2 
041 0 |a eng 
044 |a xo  |c SK 
100 1 |a Bates, D. L.  |4 aut  |9 1248909 
245 1 0 |a Influence of species, cultivar and cut on the microelement content of grass forages  |c D. L. Bates, L. J. Fisher, M. A. G. Von Keyserlingk, M. A. Gralak 
700 1 |a Fisher, L. J.  |4 aut  |9 1248910 
700 1 |a Von Keyserlingk, M. A. G.  |4 aut  |9 1248911 
700 1 |a Gralak, M. A.  |4 aut  |9 1248912 
773 0 |t Slovak journal of animal science  |g Roč. 39, č. 1-2 (2006), s. 84-88 
958 |a OND 
958 |a EUIPO 
958 |a article10 
999 |c 2215847  |d 2217777